Statistics for Denver Broncos Quiz

Click here to take the quiz!

General Stats

  • This quiz has been taken 358 times
  • The average score is 12 of 26

Answer Stats

HintAnswer% Correct
When i say #7, what do you think ofJohn Elway
96%
How many Super Bowls have the Broncos played in8
89%
How many Broncos are in the Pro Football Hall of Fame7
86%
How many numbers have the Broncos retired3
80%
What word did Peyton Manning shout a lot at the line of scrimmageOmaha
78%
What position does Von Miller playLinebacker
74%
What was the last Super Bowl won by the Broncos (what number)50
72%
What conference are the Broncos inAFC
71%
What number does Chris Harris wear25
68%
What year did the Broncos become a franchise1960
60%
Creator of the Mile High SaluteTerrell Davis
58%
Who is the Owner of the BroncosPat Bowlen
50%
First winning season1973
46%
What college did John Elway attendStanford
45%
Who holds the longest FG kick in NFL historyMatt Prater
42%
Everyone knows about "The Drive" what team did the Broncos playCleveland Browns
35%
What number did Floyd Little wear44
29%
What major league baseball team drafted John ElwayYankees
29%
Who did the Broncos select as Mr. Irrelevant in the 2017 NFL DraftChad Kelly
25%
Which Broncos QB holds the records for most passing yards in a gameJake Plummer
22%
Vance Johnson, Mark Jackson, Ricky Nattiel were known as what to fansThree Amigos
9%
This kicker for the Broncos kicked barefootRich Karlis
8%
First to pass for 400 yards in a gameFrank Tripucka
4%
What small college was John Mobley draft from in the 1st rd in 1996Kutztown
2%
Name of Sammy Winder's end zone danceMississippi Mud Walk
2%
First Broncos running back to win Rookie of the YearBobby Humphrey
1%

Score Distribution

Percentile by Number Answered

Percent of People with Each Score

Your Score History

You have not taken this quiz